000
00366nam a2200157Ia 4500
008
151213s9999 xx 000 0 und d
100
_a
Ernest Rhys
245
_a
Belles Letters
_c
Ernest Rhys
250
_a
1st
260
_a
London
_b
J. M. Dent & Sons
_c
1907
300
_a
4318 p.
650
_a
English
650
_a
Essays
700
_a
Ernest Rhys
999
_c
2732
_d
2732